Normal view
MARC view
- Morán del Castillo, Marta
Entry Nombre Personal
001 - NUMERO DE CONTROL
- campo de control: 58851
003 - IDENTIFICADOR DE NUMERO DE CONTROL
- campo de control: UPN
005 - FECHA Y HORA DE LA ÜLTIMA TRANSACCIÓN
- campo de control: 20260220122721.0
008 - DATOS DE LONGITUD FIJA
- campo de control de longitud fija: 260220|| acz||aabn | a|a d
024 ## - OTROS IDENTIFICADORES NORMALIZADOS
- Número normalizado o código: https://orcid.org/0000-0001-5514-6259
040 ## - FUENTE DE CATALOGACIÓN
- Agencia original de catalogación: MX-MxUPN
100 1# - ENCABEZAMIENTO - NOMBRE PERSONAL
- Nombre personal: Morán del Castillo, Marta
370 ## - LUGAR ASOCIADO
- Place of birth: España
371 ## - DIRECCIÓN
- Electronic mail address: marta.moran@uneatlantico.es
373 ## - GRUPO ASOCIADO
- Associated group: Universidad Europea del Atlántico. Santander. Facultad de Ciencias de la Salud.
374 ## - OCUPACIÓN
- Occupation: Docencia e investigación universitaria
377 ## - LENGUA ASOCIADA
- Language code: spa
670 ## - FUENTE EN LA QUE SE LOCALIZARON DATOS
- Cita de la fuente: En recurso en línea : Psykhe, Vol. 34 (2025)
- Información localizada: (Marta Morán del Castillo)
- Uniform Resource Identifier: https://ojs.uc.cl/index.php/psykhe/article/view/49413/69016
902 ## - CATALOGADOR
- Catalogador: Leonor Sotres/200226
